Электрические измерения неэлектрических величин: учебное пособие

Bibliografiske detaljer
Andre forfattere: Новицкий П. В. Петр Васильевич (редактор)
Sprog:russisk
Udgivet: Ленинград, Энергия, 1975
Udgivelse:5-е изд., перераб. и доп.
Fag:
Format: Bog
KOHA link:https://koha.lib.tpu.ru/cgi-bin/koha/opac-detail.pl?biblionumber=34723

MARC

LEADER 00000nam0a2200000 4500
001 34723
005 20231030231056.0
035 |a (RuTPU)RU\TPU\book\35129 
035 |a BOOK00001781 
090 |a 34723 
100 |a 20011210d1975 m y0rusy50 ca 
101 0 |a rus 
102 |a RU 
105 |a y j 001zy 
200 1 |a Электрические измерения неэлектрических величин  |e учебное пособие  |f под ред. П. В. Новицкого 
205 |a 5-е изд., перераб. и доп. 
210 |a Ленинград  |c Энергия  |d 1975 
215 |a 576 с. 
320 |a Библиогр.: с. 559-570 
451 1 |0 (RuTPU)RU\TPU\book\56289  |t Электрические измерения неэлектрических величин  |f А. М. Туричин  |g под ред. П. В. Новицкого  |e 4-е изд., перераб.  |c Москва  |c Ленинград  |n Энергия  |d 1966  |p 690 с.  |a Туричин, Афроим Моисеевич 
610 1 |a метрология 
610 1 |a электрические приборы 
610 1 |a неэлектрические величины 
610 1 |a измерение 
610 1 |a теория 
610 1 |a физические основы 
610 1 |a учебные пособия 
675 |a 621.317.39(075.8)  |v 3 
702 1 |a Новицкий  |b П. В.  |g Петр Васильевич  |4 340 
801 0 |a RU  |b 63413507  |c 20011210  |g PSBO 
801 2 |a RU  |b 63413507  |c 20161128  |g PSBO 
900 |a Основы метрологии 
900 |a Метрология и электрические измерения 
900 |a Элементы систем управления машиностроительным оборудованием 
900 |a Физические основы получения информации 
900 |a Измерение неэлектрических величин 
942 |c BK